000 01006nam a2200229Ii 4500
003 JO-AjNU
008 230605s9999||||xx |||||||||||||| ||und||
017 _a2009/8/3419
020 _a978-9957-19-034-7
040 _aJO-AjNU
_bara
_erda
_cJO-AjNU
041 _aara
050 1 4 _aHF1359 .U87. 2009
100 3 _aسراج الدين، إسماعيل وآخرون ؛مراجعة وتقدبم حسن نافعة,
_eauthor
_949586
245 0 0 _aأسس التحديث والتنمية العربية في زمن العولمة
250 _aط1
264 3 1 _aعمان،بيروت:مؤسسة عبد الحميد شومان،المؤسسة العربية للدراسات والنشر؛2009
300 _a294ص
_bيحتوي على ببلوغرافية من ص291-294ص
336 _atext
_btxt
_2rdacontent
337 _aunmediated
_bn
_2rdamedia
338 _avolume
_bnc
_2rdacarrier
650 4 _aالعولمة-جوانب اقنصادية-البلاد العربية-مقالات ومحاضرات
_949587
999 _aA21788
_c25356
_d25356